00487nam a2200181 a 45000010005000000030009000050080041000140400028000550820016000831000026000992450013001252600031001383000010001694900030001795000059002096500011002686500026002791081CO-ViMGA141112s2004 ck r 000 u spa d aCO-ViMGAbspacCO-ViMGA04a843.6 S735d1 aStendhal, Henry Beyle10aDel amor aMadrid : bAlianza, c1990 a431 p aEl libro de bolsillo, 147 aIncluye crítica literaria de Jose Ortega y Gasset. 14aNOVELA14aOrtega y Gasset, Jose